[Event "Portugal Open 2020"]
[Site "Lisboa POR"]
[Date "2020.01.26"]
[Round "2.5"]
[White "INDIC, Aleksandar"]
[Black "JARACZ, Barbara"]
[Result "1-0"]
[BlackElo "2200"]
[WhiteElo "2622"]
[LiveChessVersion "1.4.8"]

1. Nf3 {[%clk 1:26:21]} d5 {[%clk 1:30:40]} 2. d4 {[%clk 1:25:56]} Nf6
{[%clk 1:30:51]} 3. c4 {[%clk 1:25:07]} c6 {[%clk 1:31:14]} 4. Qc2
{[%clk 1:25:24]} dxc4 {[%clk 1:29:30]} 5. Qxc4 {[%clk 1:25:19]} Bf5
{[%clk 1:29:52]} 6. g3 {[%clk 1:25:26]} e6 {[%clk 1:29:48]} 7. Bg2
{[%clk 1:25:45]} Be7 {[%clk 1:29:22]} 8. O-O {[%clk 1:25:19]} Nbd7
{[%clk 1:28:49]} 9. e3 {[%clk 1:24:01]} O-O {[%clk 1:27:03]} 10. Nc3
{[%clk 1:22:47]} Ne4 {[%clk 1:16:11]} 11. Rd1 {[%clk 1:19:49]} Rc8
{[%clk 1:14:02]} 12. Qe2 {[%clk 1:18:57]} Qc7 {[%clk 1:12:46]} 13. Nh4
{[%clk 1:16:29]} Nxc3 {[%clk 1:01:09]} 14. bxc3 {[%clk 1:16:46]} Bxh4
{[%clk 1:01:34]} 15. gxh4 {[%clk 1:17:01]} Nf6 16. e4 {[%clk 1:13:08]} Bg4
{[%clk 0:57:56]} 17. f3 {[%clk 1:08:29]} Bh5 {[%clk 0:58:00]} 18. c4
{[%clk 1:02:57]} Rfd8 {[%clk 0:41:09]} 19. Qe3 {[%clk 0:53:18]} e5
{[%clk 0:38:29]} 20. Bb2 {[%clk 0:52:23]} exd4 {[%clk 0:33:43]} 21. Bxd4
{[%clk 0:51:22]} Bg6 {[%clk 0:27:45]} 22. Bh3 {[%clk 0:47:05]} Ra8
{[%clk 0:27:16]} 23. Bxa7 {[%clk 0:39:22]} Rxd1+ {[%clk 0:20:42]} 24. Rxd1
{[%clk 0:38:59]} Rd8 {[%clk 0:21:09]} 25. Rxd8+ {[%clk 0:37:28]} Qxd8
{[%clk 0:21:36]} 26. Qd4 {[%clk 0:36:11]} Qa5 {[%clk 0:21:40]} 27. Bb6
{[%clk 0:35:34]} Qe1+ {[%clk 0:22:03]} 28. Bf1 {[%clk 0:35:57]} h6
{[%clk 0:22:16]} 29. Qf2 {[%clk 0:35:57]} Qb1 {[%clk 0:21:48]} 30. Bd4
{[%clk 0:36:00]} Nh5 {[%clk 0:21:39]} 31. Qd2 {[%clk 0:35:52]} f6
{[%clk 0:19:36]} 32. Kf2 {[%clk 0:34:40]} Bf7 {[%clk 0:19:52]} 33. Qb2
{[%clk 0:22:46]} Qd1 {[%clk 0:20:07]} 34. Be3 {[%clk 0:22:46]} Qd6
{[%clk 0:16:57]} 35. Kg1 {[%clk 0:22:58]} Qd1 {[%clk 0:17:12]} 36. Kg2
{[%clk 0:21:40]} Be6 {[%clk 0:16:31]} 37. Qe2 {[%clk 0:18:56]} Qb1
{[%clk 0:16:04]} 38. Kf2 {[%clk 0:19:06]} b5 {[%clk 0:12:48]} 39. cxb5
{[%clk 0:15:33]} cxb5 {[%clk 0:13:13]} 40. a3 {[%clk 0:15:18]} Bc4
{[%clk 0:12:45]} 41. Qe1 {[%clk 0:15:34]} Qb2+ {[%clk 0:10:29]} 42. Qd2
{[%clk 0:15:51]} Qxd2+ {[%clk 0:06:53]} 43. Bxd2 {[%clk 0:16:19]} Bxf1
{[%clk 0:07:18]} 44. Kxf1 {[%clk 0:16:39]} Kf7 {[%clk 0:07:45]} 45. Ke2
{[%clk 0:16:57]} Ke6 46. Kd3 {[%clk 0:17:00]} f5 {[%clk 0:03:30]} 47. exf5+
{[%clk 0:15:35]} Kxf5 {[%clk 0:02:32]} 48. Kc3 {[%clk 0:15:52]} Nf6 49. Kb4
{[%clk 0:16:14]} Nd7 {[%clk 0:02:31]} 50. Kxb5 {[%clk 0:16:37]} Ne5
{[%clk 0:02:57]} 51. a4 {[%clk 0:16:51]} Ke4 1-0

[Event "Portugal Open 2020"]
[Site "Lisboa POR"]
[Date "2020.01.26"]
[Round "2.11"]
[White "TEN HERTOG, Hugo"]
[Black "CAMBANDO, Jose"]
[Result "1-0"]
[BlackElo "2166"]
[WhiteElo "2503"]
[LiveChessVersion "1.4.8"]

1. e4 {[%clk 1:30:56]} c5 {[%clk 1:29:37]} 2. Nf3 {[%clk 1:31:15]} d6
{[%clk 1:29:57]} 3. d4 {[%clk 1:31:40]} cxd4 {[%clk 1:30:19]} 4. Nxd4
{[%clk 1:32:06]} Nf6 {[%clk 1:30:43]} 5. Nc3 {[%clk 1:32:31]} a6 {[%clk 1:31:07]}
6. h3 {[%clk 1:30:25]} Nc6 {[%clk 1:29:35]} 7. g4 {[%clk 1:30:27]} Nxd4
{[%clk 1:29:03]} 8. Qxd4 {[%clk 1:30:52]} e5 {[%clk 1:29:27]} 9. Qd3
{[%clk 1:27:58]} Be6 {[%clk 1:29:41]} 10. f4 {[%clk 1:25:03]} exf4
{[%clk 1:29:19]} 11. Bxf4 {[%clk 1:25:25]} d5 {[%clk 1:28:46]} 12. O-O-O
{[%clk 1:10:35]} dxe4 {[%clk 1:28:45]} 13. Nxe4 {[%clk 1:06:13]} Qxd3
{[%clk 1:28:31]} 14. Nxf6+ {[%clk 1:02:02]} gxf6 {[%clk 1:27:56]} 15. Rxd3
{[%clk 0:57:19]} Rd8 {[%clk 1:28:06]} 16. Rxd8+ {[%clk 0:56:55]} Kxd8
{[%clk 1:28:34]} 17. Bg2 {[%clk 0:56:28]} Kc8 {[%clk 1:28:55]} 18. Rd1
{[%clk 0:52:12]} h5 {[%clk 1:28:27]} 19. Rd3 {[%clk 0:46:26]} Bh6
{[%clk 1:28:27]} 20. Rc3+ {[%clk 0:45:36]} Kd8 {[%clk 1:27:46]} 21. Bxh6
{[%clk 0:45:21]} Rxh6 {[%clk 1:28:14]} 22. Bxb7 {[%clk 0:43:43]} hxg4
{[%clk 1:28:28]} 23. hxg4 {[%clk 0:44:08]} a5 {[%clk 1:28:35]} 24. Bf3
{[%clk 0:39:51]} Rh3 {[%clk 1:27:14]} 25. Kd2 {[%clk 0:27:54]} Rh2+
{[%clk 1:22:11]} 26. Ke3 {[%clk 0:26:04]} Bxa2 {[%clk 1:20:56]} 27. b3
{[%clk 0:26:03]} Bb1 {[%clk 1:19:19]} 28. Be4 {[%clk 0:25:32]} Kd7
{[%clk 1:18:27]} 29. Rc4 {[%clk 0:21:29]} Kd6 {[%clk 1:18:34]} 30. Kd4
{[%clk 0:21:27]} Rd2+ {[%clk 1:18:48]} 31. Kc3 {[%clk 0:21:27]} Rd1
{[%clk 1:19:04]} 32. Rd4+ {[%clk 0:19:55]} Rxd4 {[%clk 1:19:32]} 33. Kxd4
{[%clk 0:20:17]} a4 {[%clk 1:19:17]} 34. bxa4 {[%clk 0:20:27]} Ba2
{[%clk 1:19:14]} 35. a5 {[%clk 0:20:47]} Kd5+ 1-0